Primer suplemento a la biblioteca boliviana de Gabriel René Moreno. Epítome de un catálogo de libros y folletos 1879-1899
Salvato in:
| Autore principale: | |
|---|---|
| Natura: | Libro |
| Lingua: | spagnolo |
| Pubblicazione: |
Santiago
Imprenta, Litografía y Encuadernación Barcelona
1899
|
| Edizione: | 1a. ed |
| Soggetti: | |
| Tags: |
Aggiungi Tag
Nessun Tag, puoi essere il primo ad aggiungerne!!
|
MARC
| LEADER | 00000nam a2200000 a 4500 | ||
|---|---|---|---|
| 001 | UCJ6376 | ||
| 003 | CL-VaPUC | ||
| 008 | 070124e18990901CL |||||||||||||||||spa|d | ||
| 082 | 0 | 4 | |a 011 |b REN |2 21 |
| 100 | 0 | |a René-Moreno, Gabriel |e author |9 508355 | |
| 245 | 1 | 0 | |a Primer suplemento a la biblioteca boliviana de Gabriel René Moreno. Epítome de un catálogo de libros y folletos 1879-1899 |
| 250 | |a 1a. ed | ||
| 300 | |a 349 p | ||
| 942 | |c BK | ||
| 945 | |d 20070124 00:00:00 |a rinostro | ||
| 260 | |a Santiago |b Imprenta, Litografía y Encuadernación Barcelona |c 1899 | ||
| 500 | |a 8§.- Anteport.- v. en b.- Portadilla.- v. en b.- Port.- v.: Marca de la tipografía.- Colofón | ||
| 650 | 7 | |a BIBLIOGRAFIA |2 CL-VaPUC |9 256175 | |
| 651 | 0 | |a Bolivia |9 255454 | |
| 583 | |a last modification |c 20070124 00:00:00 |k Rodrigo Vera | ||
| 999 | |c 322482 |d 322480 | ||
| 952 | |0 0 |1 0 |4 0 |6 011_000000000000000_REN_1899 |7 0 |8 X |9 401483 |a FDOBUD |b FDOBUD |d 2019-11-22 |i 104737K |o 011 REN 1899 |p 104737K |r 2019-11-22 |w 2019-11-22 |y BK_X |k BUD | ||